02346cam a22003134i 4500003000900000005001700009008004100026020001500067035002700082040003300109082002000142245008500162264007300247300005500320336002100375337002500396338002300421490004400444505139100488526000901879526000901888526000801897526000801905526000801913526000801921650005201929700002301981700002802004PE-LiUPU20250731175636.0150706s r 000 0 d a0521387795 a(Sirsi) i9780521387798 aPE-LiUPUbspacPE-LiUPUerda04a418.007bS322101aSecond language teacher education /cedited by Jack C. Richards and David Nunan. 1aCambridge [England] ; New York :bCambridge University Press,c1990. a340 páginas :bilustraciones ;c23 centímetros atext2rdacontent aunmediated2rdamedia avolume2rdacarrier0 aThe Cambridge language teaching library0 aIssues and Approaches in Teacher Education -- The dilemma of teacher education in second language teaching -- Beyond prescription: the student teacher as investigator -- Activities and procedures for teacher preparation -- Questions and tasks -- Investigating Teachers and Learners in the Classroom -- Teacher observation in second language teacher education -- Action research in the language classroom -- Understanding classroom role relationships -- Questions and tasks -- The Practicum -- Intervening in practice teaching -- Interaction in a teaching practicum -- A professional development focus for the language teaching practicum -- Supervision -- Models of supervision: choices -- Clinical supervision of language teaching: the supervisor as trainer and educator -- 'Let's see': contrasting conversations about teaching -- Questions and tasks -- Self-Observation in Teacher Development -- Teacher development through reflective teaching -- The use of diary studies in teacher education programs -- An ongoing dialogue: learning logs for teacher preparation -- Questions and tasks -- Case Studies -- A blueprint for a teacher development program -- Developing teachers' language resources -- An ethnographic approach to inservice preparation: the Hungary file -- Observing classroom behaviours and learning outcomes in different second language programs -- Questions and tasks. aP145 aP127 aP97 aP35 aP14 aP0704aProfesores de lenguasxFormación profesional.1 aNunan, David,eed.1 aRichards, Jack C.,eed.